[Event "Superettan(Rodeby-Rockaden,Umea)"]
[Site "?"]
[Date "2010.12.05"]
[Round "3"]
[White "Forsberg, Viktor"]
[Black "Greiff, Hakan"]
[Result "0-1"]
[WhiteElo "2359"]
[BlackElo "2276"]
[PlyCount "132"]

1. e4 e5 2. Nf3 Nc6 3. Bb5 a6 4. Ba4 d6 5. c3 Bd7 6. d4 Nge7 7. Be3 Ng6 8. h4
Be7 9. g3 exd4 10. cxd4 Bf6 11. Nbd2 O-O 12. a3 Re8 13. Bc2 Bg4 14. Qb1 Nf8 15.
Kf1 Qc8 16. Kg2 h6 17. Bd3 Bh5 18. d5 Ne5 19. Nxe5 Bxe5 20. Qc2 Qd8 21. f3 f5
22. Nc4 Nd7 23. Rae1 fxe4 24. Bxe4 Nf6 25. Bg6 Bxg6 26. Qxg6 Nxd5 27. Bxh6 Qf6
28. Qd3 Qf7 29. Bc1 Bf6 30. Re4 b5 31. Nd2 Nb6 32. h5 d5 33. Rg4 Nc4 34. Nxc4
dxc4 35. Qc2 Re5 36. h6 Rae8 37. Re4 Rxe4 38. fxe4 Qg6 39. hxg7 Qxe4+ 40. Qxe4
Rxe4 41. Kf3 Rd4 42. Rh8+ Kxg7 43. Rc8 Rd7 44. g4 Kg6 45. g5 Bg7 46. Ra8 Rd6
47. Rc8 Rc6 48. Ke4 c3 49. bxc3 Rxc3 50. Be3 c6 51. Rd8 Rc4+ 52. Kd3 Kf5 53.
Rd6 Be5 54. Rh6 a5 55. Bd2 a4 56. Rh5 Bg7 57. Bb4 Kg6 58. Rh1 Rd4+ 59. Ke3 Rxb4
60. axb4 a3 61. Rh2 Bb2 62. Rh6+ Kf5 63. Rxc6 a2 64. Ra6 a1=Q 65. Rxa1 Bxa1 66.
g6 Bg7 0-1

[Event "Superettan(Rodeby-Rockaden,Umea)"]
[Site "?"]
[Date "2010.12.05"]
[Round "3"]
[White "Wahlbom, Magnus"]
[Black "Malmstig, Erik"]
[Result "1/2-1/2"]
[WhiteElo "2268"]
[BlackElo "2310"]
[PlyCount "83"]
[SourceDate "2010.12.29"]

1. d4 Nf6 2. c4 e6 3. Nc3 Bb4 4. e3 c5 5. Nf3 b6 6. Bd2 Bb7 7. Be2 cxd4 8. exd4
Nc6 9. O-O O-O 10. a3 Be7 11. d5 Nb8 12. Bf4 d6 13. dxe6 fxe6 14. Bg3 Qd7 15.
Qc2 Nc6 16. Rad1 Nh5 17. Bxd6 Bxd6 18. Nb5 Nf4 19. Nxd6 Qe7 20. Nxb7 Qxb7 21.
Qe4 Na5 22. Bd3 Qxe4 23. Bxe4 Rac8 24. g3 Nh5 25. Ng5 Nf6 26. Bg2 Rfe8 27. Bh3
Rc6 28. b4 Nxc4 29. b5 Rd6 30. Rxd6 Nxd6 31. a4 e5 32. Rd1 Nb7 33. Ne6 Kf7 34.
Bg2 Rxe6 35. Bxb7 Ke7 36. Rc1 Nd7 37. Rc7 Kd6 38. Rc6+ Ke7 39. Rc7 Kd6 40. Rc6+
Ke7 41. Rc7 Kd6 42. Rc6+ 1/2-1/2

[Event "Superettan(Rodeby-Rockaden,Umea)"]
[Site "?"]
[Date "2010.12.05"]
[Round "3"]
[White "Wickstrom, Lucas"]
[Black "Ostling, Hakan"]
[Result "1-0"]
[WhiteElo "2301"]
[BlackElo "2273"]
[PlyCount "65"]

1. d4 g6 2. c4 d6 3. Nc3 f5 4. e4 Nc6 5. d5 Ne5 6. f4 Nf7 7. Bd3 Ngh6 8. Nf3
Bg7 9. O-O c6 10. Qe2 fxe4 11. Nxe4 Bg4 12. Nf2 Bxf3 13. Qxf3 Qd7 14. g4 O-O
15. Qe2 Nd8 16. f5 gxf5 17. Bxh6 Bxh6 18. Bxf5 Rxf5 19. gxf5 cxd5 20. cxd5 Qxf5
21. Qg4+ Qxg4+ 22. Nxg4 Bg7 23. Rae1 h5 24. Ne3 e6 25. dxe6 Nxe6 26. Nf5 Nc5
27. Nxg7 Kxg7 28. b4 Nd3 29. Re7+ Kg6 30. Rxb7 a5 31. b5 Ne5 32. Rb6 Nf7 33.
Ra6 1-0

[Event "Superettan(Rodeby-Rockaden,Umea)"]
[Site "?"]
[Date "2010.12.05"]
[Round "3"]
[White "Bernhardsson, Sten"]
[Black "Engman, Rickard"]
[Result "0-1"]
[WhiteElo "2073"]
[BlackElo "2241"]
[PlyCount "78"]

1. d4 Nf6 2. c4 e6 3. Nf3 b6 4. e3 Bb7 5. Be2 c5 6. O-O cxd4 7. exd4 d5 8. cxd5
Nxd5 9. Ne5 a6 10. Bf3 Be7 11. Nc3 O-O 12. Nxd5 Bxd5 13. Be3 f6 14. Nd3 g5 15.
Rc1 Qd6 16. a3 Nc6 17. Re1 Rfd8 18. h4 Rac8 19. hxg5 fxg5 20. Bxd5 Qxd5 21. Qh5
Nxd4 22. Rxc8 Rxc8 23. Bxd4 Qxd4 24. Ne5 Rf8 25. Ng4 Kh8 26. Rxe6 Qd1+ 27. Kh2
Bd6+ 28. Rxd6 Qxd6+ 29. g3 Qg6 30. Qh3 h5 31. Kg1 Qb1+ 32. Kh2 Qh7 33. Ne3
Rxf2+ 34. Kg1 Rf8 35. Qe6 Qg7 36. Nd5 Qd4+ 37. Ne3 Qf6 38. Qe4 Qf2+ 39. Kh1
Qf3+ 0-1

[Event "Superettan(Rodeby-Rockaden,Umea)"]
[Site "?"]
[Date "2010.12.05"]
[Round "3"]
[White "Hammar, Ulf"]
[Black "Laksman, Efraim"]
[Result "1-0"]
[WhiteElo "2281"]
[BlackElo "2241"]
[PlyCount "81"]
[EventDate "2010.??.??"]

1. d4 Nf6 2. Bg5 c5 3. Bxf6 gxf6 4. d5 Qb6 5. Qc1 e6 6. c4 f5 7. Nc3 Na6 8. Nh3
e5 9. e3 Qg6 10. a3 Nc7 11. Qc2 d6 12. O-O-O Bd7 13. Bd3 O-O-O 14. Rhg1 Qh5 15.
Qb1 Kb8 16. Ne2 f4 17. exf4 Bxh3 18. gxh3 Bh6 19. Qc2 exf4 20. Kb1 Qxh3 21. Nc3
Rhg8 22. Bf5 Qh5 23. h3 Rxg1 24. Rxg1 a6 25. Ka2 Re8 26. Bd7 Rd8 27. Ba4 f5 28.
Re1 Bg7 29. Qb3 Qf7 30. Qb6 Bf6 31. f3 Na8 32. Qb3 Be5 33. Ne2 Ka7 34. Nc1 Qg7
35. Nd3 Qg3 36. Nxc5 Nb6 37. Nxb7 Rc8 38. Rxe5 dxe5 39. Na5 Qxh3 40. Nc6+ Rxc6
41. Bxc6 1-0

[Event "Superettan(Rodeby-Rockaden,Umea)"]
[Site "?"]
[Date "2010.12.05"]
[Round "3"]
[White "Nygren, David"]
[Black "Persson, Jan"]
[Result "1/2-1/2"]
[WhiteElo "2123"]
[BlackElo "2063"]
[PlyCount "34"]

1. d4 Nf6 2. g3 d6 3. Bg2 e5 4. dxe5 dxe5 5. Qxd8+ Kxd8 6. Bg5 c6 7. Nc3 h6 8.
Be3 Be6 9. Nf3 Nbd7 10. O-O Kc7 11. a3 g5 12. b4 Nd5 13. Bd2 N5b6 14. Bc1 Bg7
15. Nd2 f5 16. Bb2 Rhg8 17. Rac1 Rad8 1/2-1/2

[Event "Superettan(Rodeby-Rockaden,Umea)"]
[Site "?"]
[Date "2010.12.05"]
[Round "3"]
[White "Dolgov, Mikhail"]
[Black "Larsson, Johan"]
[Result "1/2-1/2"]
[WhiteElo "1991"]
[BlackElo "2132"]
[PlyCount "104"]

1. e4 c6 2. d4 d5 3. e5 c5 4. dxc5 e6 5. Be3 Nh6 6. Nf3 Nf5 7. b4 a5 8. c3 axb4
9. cxb4 b6 10. Bb5+ Bd7 11. Bg5 Qc7 12. Nc3 bxc5 13. O-O Bxb5 14. Nxb5 Qd7 15.
a4 cxb4 16. g4 Nh6 17. Rc1 Na6 18. Nfd4 Be7 19. f4 Rc8 20. Rxc8+ Qxc8 21. f5
exf5 22. gxf5 Qc5 23. f6 gxf6 24. Bxh6 fxe5 25. Qh5 exd4 26. Qxf7+ Kd8 27. Bg7
Re8 28. Bxd4 Qc6 29. Qxh7 Nc7 30. Qd3 Rg8+ 31. Kh1 Nxb5 32. axb5 Qc4 33. Bb6+
Ke8 34. Qh3 Qe4+ 35. Qf3 Rf8 36. Qxe4 dxe4 37. Rxf8+ Bxf8 38. Bd4 Kd7 39. Kg2
Kd6 40. Kf2 Kd5 41. Bf6 b3 42. Ke2 Be7 43. Bb2 Bg5 44. Ba3 Bf6 45. b6 b2 46.
Bxb2 Bxb2 47. b7 Be5 48. h4 Bf4 49. h5 Kc6 50. h6 Kxb7 51. h7 Be5 52. Ke3 Ba1
1/2-1/2

[Event "Superettan(Orebro-Team Malmo)"]
[Site "?"]
[Date "2010.12.05"]
[Round "3"]
[White "Lindahl, Jonas"]
[Black "Nygren, Kim"]
[Result "0-1"]
[WhiteElo "2250"]
[BlackElo "2327"]
[PlyCount "100"]

1. e4 Nc6 2. Nf3 e5 3. Bc4 Nf6 4. d3 Bc5 5. c3 a6 6. Nbd2 d5 7. exd5 Nxd5 8.
O-O b5 9. Ne4 Bb6 10. Bg5 Qd7 11. Bxd5 Qxd5 12. Re1 f5 13. Nxe5 Nxe5 14. Nf6+
gxf6 15. Bxf6 O-O 16. Rxe5 Qf7 17. Be7 Re8 18. Qf3 Be6 19. Rae1 Qxe7 20. Rxe6
Qf7 21. Qc6 Rxe6 22. Rxe6 Rd8 23. d4 Qd7 24. Qxd7 Rxd7 25. Re8+ Kf7 26. Ra8 c5
27. Rxa6 cxd4 28. cxd4 Bxd4 29. Kf1 Bxb2 30. Rb6 Rd2 31. Rxb5 Ke6 32. Rb3 Bd4
33. Rf3 Rxa2 34. g3 Rc2 35. Kg2 Ke5 36. Rf4 Be3 37. Rf3 Bd2 38. Rb3 Bc3 39.
Rb5+ Ke4 40. Rc5 Rxf2+ 41. Kh3 Bd4 42. Rc7 h6 43. Re7+ Kf3 44. Re8 Re2 45. Rf8
Ke4 46. Re8+ Be5 47. Re6 f4 48. gxf4 Kxf4 49. Rg6 Kf5 50. Rg2 Re3+ 0-1

[Event "Superettan(Orebro-Team Malmo)"]
[Site "?"]
[Date "2010.12.05"]
[Round "3"]
[White "Drugge, Patrick"]
[Black "Johansson, Thomas"]
[Result "1/2-1/2"]
[WhiteElo "2357"]
[BlackElo "2255"]
[PlyCount "48"]

1. e4 Nf6 2. e5 Nd5 3. d4 d6 4. c4 Nb6 5. exd6 exd6 6. Nc3 Nc6 7. d5 Ne5 8. f4
Ng6 9. Nf3 Be7 10. Bd3 Bg4 11. h3 Bh4+ 12. Kf1 Bxf3 13. Qxf3 O-O 14. g3 Bf6 15.
Ne4 c6 16. dxc6 bxc6 17. h4 d5 18. Ng5 dxc4 19. Bc2 Re8 20. Nxh7 Qd5 21. Nxf6+
gxf6 22. Kf2 Qd4+ 23. Kg2 Qd5 24. Kf2 Qd4+ 1/2-1/2

[Event "Superettan(Orebro-Team Malmo)"]
[Site "?"]
[Date "2010.12.05"]
[Round "3"]
[White "Nilsson, Anders"]
[Black "Gruvaeus, Curt"]
[Result "0-1"]
[WhiteElo "2284"]
[BlackElo "2333"]
[PlyCount "60"]

1. d4 c5 2. d5 Nf6 3. c4 e6 4. Nc3 exd5 5. cxd5 d6 6. Nf3 g6 7. Bf4 Bg7 8. Qa4+
Bd7 9. Qb3 Qc7 10. e4 O-O 11. e5 dxe5 12. Bxe5 Re8 13. O-O-O Qb6 14. h3 Bf5 15.
Bd3 Bxd3 16. Rxd3 Nbd7 17. Qxb6 axb6 18. Bc7 b5 19. Nxb5 Ne4 20. Ra3 Rxa3 21.
Nxa3 Nxf2 22. Rf1 Re2 23. Nc2 Nd3+ 24. Kb1 Rxg2 25. Nfe1 Rd2 26. Nf3 Re2 27.
Ng5 N7e5 28. d6 Nb4 29. Nxb4 cxb4 30. Nf3 Nd3 0-1

[Event "Superettan(Orebro-Team Malmo)"]
[Site "?"]
[Date "2010.12.05"]
[Round "3"]
[White "Alm, Hakan"]
[Black "Malmqvist, Glenn"]
[Result "1-0"]
[WhiteElo "2307"]
[BlackElo "2226"]
[PlyCount "57"]

1. c4 Nf6 2. Nc3 d5 3. d4 e6 4. Nf3 c5 5. cxd5 exd5 6. g3 Be7 7. Bg2 Nc6 8. O-O
O-O 9. Bg5 Be6 10. Rc1 a6 11. e3 c4 12. Ne5 h6 13. Bxf6 Bxf6 14. f4 g6 15. Qf3
Ne7 16. g4 Bg7 17. Qg3 f6 18. Nxg6 Nxg6 19. f5 Ne7 20. fxe6 Qa5 21. Qd6 Rfe8
22. Nxd5 Nxd5 23. Bxd5 Qd2 24. Qa3 Qe2 25. Rf2 Qxg4+ 26. Rg2 Qf5 27. e4 Qf4 28.
Rf1 Qd6 29. Qxd6 1-0

[Event "Superettan(Orebro-Team Malmo)"]
[Site "?"]
[Date "2010.12.05"]
[Round "3"]
[White "Franzen, Johan"]
[Black "Blomstrom, Lars"]
[Result "1/2-1/2"]
[WhiteElo "2100"]
[BlackElo "2179"]
[PlyCount "90"]

1. d4 Nf6 2. Nf3 g6 3. g3 Bg7 4. Bg2 O-O 5. O-O d6 6. c3 Nbd7 7. Bg5 e5 8. Nbd2
h6 9. Bxf6 Qxf6 10. Qb3 Qe7 11. dxe5 dxe5 12. Rad1 Nb6 13. e4 Re8 14. Rfe1 a5
15. Qc2 Be6 16. b3 Nd7 17. Nf1 Nc5 18. Ne3 c6 19. Rd2 Red8 20. Red1 b5 21. c4
b4 22. Ne1 Rd4 23. Nd3 Rad8 24. Nxc5 Qxc5 25. Rxd4 Rxd4 26. Rxd4 exd4 27. Nf1
a4 28. Qd3 axb3 29. axb3 Qa5 30. e5 Qxe5 31. Bxc6 Bf5 32. Qd2 Bf8 33. Bf3 d3
34. Ne3 Qc3 35. Qd1 Bh3 36. Nd5 Qc2 37. Nf4 Bf5 38. g4 Qxd1+ 39. Bxd1 Be4 40.
f3 Bc5+ 41. Kg2 Be3 42. fxe4 Bxf4 43. Kf3 Bxh2 44. Ke3 Bd6 45. Kxd3 Bc5 1/2-1/2

[Event "Superettan(Orebro-Team Malmo)"]
[Site "?"]
[Date "2010.12.05"]
[Round "3"]
[White "Lind, Jan-Olov"]
[Black "Malmgren, Lars-Goran"]
[Result "1-0"]
[WhiteElo "2232"]
[BlackElo "2015"]
[PlyCount "57"]

1. e4 c5 2. Nf3 Nc6 3. d3 Nf6 4. c3 d6 5. g3 g6 6. Bg2 Bg7 7. O-O O-O 8. Re1
Nd7 9. Be3 Rb8 10. d4 cxd4 11. cxd4 a6 12. Nc3 b5 13. Rc1 Bb7 14. d5 Nce5 15.
Nxe5 Nxe5 16. Bd4 Bc8 17. h3 f6 18. b3 Bd7 19. f4 Nf7 20. Kh2 Rc8 21. Qd2 Qa5
22. Qf2 Qb4 23. Nb1 Rxc1 24. Rxc1 Rc8 25. Rxc8+ Bxc8 26. Bb6 Bd7 27. Qe3 e5 28.
a3 exf4 29. gxf4 1-0

[Event "Superettan(Orebro-Team Malmo)"]
[Site "?"]
[Date "2010.12.05"]
[Round "3"]
[White "Magnusson, Roger"]
[Black "Larsson, Patrik"]
[Result "1-0"]
[WhiteElo "2029"]
[BlackElo "2046"]
[PlyCount "88"]

1. d4 Nf6 2. Nc3 d5 3. Bf4 c6 4. e3 Bf5 5. Nf3 e6 6. Ne5 Bb4 7. Bd3 Qa5 8. Qd2
O-O 9. O-O Bxd3 10. cxd3 Nh5 11. Bg3 Nxg3 12. fxg3 Qd8 13. Qe2 Nd7 14. Rf4 Bd6
15. Rh4 Be7 16. Rh3 Nxe5 17. Qh5 h6 18. Qxe5 Bf6 19. Qf4 Bg5 20. Qf2 Qe7 21.
Ne2 e5 22. dxe5 Qxe5 23. Nf4 Rfe8 24. Re1 c5 25. b3 Rad8 26. Kf1 Qc3 27. Qe2 b5
28. Rh5 c4 29. bxc4 dxc4 30. d4 Rxd4 31. Qf3 Rde4 32. Kf2 g6 33. Rh3 Qxe1+ 34.
Kxe1 Rxe3+ 35. Kd2 Rxf3 36. gxf3 b4 37. Kc2 Bxf4 38. gxf4 Re2+ 39. Kb1 a5 40.
Rxh6 a4 41. f5 c3 42. fxg6 b3 43. gxf7+ Kxf7 44. axb3 axb3 1-0

[Event "Superettan(Orebro-Team Malmo)"]
[Site "?"]
[Date "2010.12.05"]
[Round "3"]
[White "Jonsson, Krister"]
[Black "Danielsson, Dominik"]
[Result "0-1"]
[WhiteElo "2060"]
[BlackElo "1921"]
[PlyCount "122"]

1. d4 f5 2. g3 g6 3. Bg2 Bg7 4. Nh3 Nf6 5. Nf4 d6 6. d5 c6 7. c4 Bd7 8. Nc3 Na6
9. O-O O-O 10. Rb1 Nc5 11. f3 cxd5 12. cxd5 Rc8 13. Be3 a5 14. Qd2 b5 15. Nd1
b4 16. Nf2 b3 17. a3 Qb6 18. Bd4 a4 19. Rbc1 Nfe4 20. Qe3 Nxf2 21. Qxf2 Nd3 22.
Bxb6 Nxf2 23. Kxf2 Bxb2 24. Rb1 Bxa3 25. Nd3 Bb5 26. Rfd1 Bxd3 27. Rxd3 Bc5+
28. Bxc5 dxc5 29. Rdxb3 axb3 30. Rxb3 c4 31. Rc3 Rc5 32. Ke3 Rxd5 33. Rxc4 e5
34. h3 Rfd8 35. h4 h5 36. Bh3 Kg7 37. Ra4 Kf6 38. Rb4 Rd4 39. Rb6+ R8d6 40.
Rxd6+ Rxd6 41. Bf1 g5 42. hxg5+ Kxg5 43. Bh3 f4+ 44. Kf2 fxg3+ 45. Kxg3 Rd2 46.
Kf2 Kf4 47. Be6 h4 48. Bh3 Rb2 49. Be6 Rb6 50. Bg4 Rb3 51. Be6 Rc3 52. Bd7 e4
53. fxe4 Kxe4 54. Bc6+ Kf4 55. Bf3 h3 56. Bd5 Re3 57. Bc6 Rg3 58. Bd7 Rc3 59.
Be6 h2 60. Kg2 h1=Q+ 61. Kxh1 Kg3 0-1

[Event "Superettan(Burgsvik-Lulea)"]
[Site "?"]
[Date "2010.12.05"]
[Round "3"]
[White "Fries Nielsen, Jens Ove"]
[Black "Larsson, Anders"]
[Result "1-0"]
[WhiteElo "2393"]
[BlackElo "2366"]
[PlyCount "69"]
[SourceDate "2010.12.29"]

1. d4 d6 2. Bg5 c6 3. Nc3 Qb6 4. Rb1 h6 5. Bh4 g5 6. Bg3 Bg7 7. e3 Bf5 8. Bd3
Bxd3 9. Qxd3 Nf6 10. Nge2 Nbd7 11. h4 O-O-O 12. b4 e5 13. b5 c5 14. dxe5 dxe5
15. a4 Qe6 16. e4 Nb6 17. Qe3 Nc4 18. Qxc5+ Kb8 19. Nd4 Rxd4 20. Qxd4 Nh5 21.
Qd5 Qc8 22. Rb4 Nb6 23. Qd3 Nf4 24. Bxf4 exf4 25. Ne2 Rd8 26. Qb3 g4 27. a5 f3
28. gxf3 gxf3 29. Qxf3 Qxc2 30. O-O Nd7 31. Ng3 Be5 32. Rd1 Qc5 33. Rb3 Rg8 34.
Rxd7 Bxg3 35. Qxg3+ 1-0

[Event "Superettan(Burgsvik-Lulea)"]
[Site "?"]
[Date "2010.12.05"]
[Round "3"]
[White "Marklund, Niklas"]
[Black "Fries Nielsen, Niels J"]
[Result "1/2-1/2"]
[WhiteElo "2231"]
[BlackElo "2403"]
[PlyCount "65"]

1. d4 Nf6 2. c4 c5 3. d5 b5 4. Nf3 d6 5. cxb5 a6 6. e3 g6 7. Nc3 Bg7 8. a4 O-O
9. Ra3 Bb7 10. Bc4 axb5 11. axb5 Nbd7 12. O-O Nb6 13. Ba2 Nfd7 14. Qd3 c4 15.
Rxa8 Qxa8 16. Bxc4 Nc5 17. Qe2 Bxc3 18. bxc3 Nxc4 19. Qxc4 Bxd5 20. Qg4 f5 21.
Qh3 Bxf3 22. Qxf3 Rc8 23. Qd1 Qe4 24. Qd4 Nb3 25. Qa7 Ra8 26. Qc7 Ra1 27. f3
Qe6 28. e4 Nxc1 29. b6 Qb3 30. b7 Rb1 31. Qxe7 Qb6+ 32. Kh1 Nd3 33. Qe8+
1/2-1/2

[Event "Superettan(Burgsvik-Lulea)"]
[Site "?"]
[Date "2010.12.05"]
[Round "3"]
[White "Andersson, Bjorn"]
[Black "Engstrom, Kaj"]
[Result "1-0"]
[WhiteElo "2304"]
[BlackElo "2261"]
[PlyCount "65"]

1. e4 c5 2. Nf3 e6 3. d4 cxd4 4. Nxd4 a6 5. Be3 Nf6 6. Bd3 Qc7 7. f4 b5 8. Qf3
Bb7 9. Nd2 Nc6 10. g4 d6 11. f5 Ne5 12. Qe2 Nfxg4 13. fxe6 Nxe3 14. Qxe3 fxe6
15. Nxe6 Qe7 16. Ng5 g6 17. h4 Bg7 18. Be2 h6 19. Ngf3 O-O 20. Qb3+ d5 21.
O-O-O Nc4 22. Rhg1 Nxb2 23. Rde1 Qf7 24. e5 Nc4 25. Bd3 Qf4 26. Rxg6 Rae8 27.
Reg1 Re7 28. R6g4 Nxd2 29. Nxd2 Qxe5 30. Re4 Qh2 31. Reg4 Kh8 32. Qb4 Qe5 33.
Rxg7 1-0

[Event "Superettan(Burgsvik-Lulea)"]
[Site "?"]
[Date "2010.12.05"]
[Round "3"]
[White "Radovic, Stefan"]
[Black "Krupenski, Juri"]
[Result "0-1"]
[WhiteElo "2202"]
[BlackElo "2241"]
[PlyCount "82"]

1. Nf3 c5 2. c4 Nc6 3. Nc3 g6 4. d4 cxd4 5. Nxd4 Bg7 6. Nc2 Bxc3+ 7. bxc3 Qa5
8. Qd3 d6 9. e4 f5 10. f3 fxe4 11. fxe4 Nf6 12. Bd2 Qe5 13. Be2 Qxe4 14. O-O
Bf5 15. Ne1 Ne5 16. Qxe4 Nxe4 17. Bf4 Nxc3 18. Bxe5 Nxe2+ 19. Kf2 dxe5 20. Kxe2
Rc8 21. Rc1 Be6 22. Kd3 b5 23. Ke4 Rc5 24. Nd3 Rxc4+ 25. Kxe5 Rxc1 26. Rxc1 Bc4
27. Nb2 O-O 28. Nxc4 Rc8 29. Rc2 bxc4 30. a4 c3 31. Ke6 Rc7 32. a5 Kf8 33. Kd5
Ke8 34. g4 Kd7 35. g5 Rc6 36. Kd4 Kd6 37. Rxc3 Rxc3 38. Kxc3 Kc5 39. Kd3 Kd5
40. Ke3 a6 41. Kf4 Kd4 0-1

[Event "Superettan(Burgsvik-Lulea)"]
[Site "?"]
[Date "2010.12.05"]
[Round "3"]
[White "Akerman, Axel"]
[Black "Pettersson, Tobias"]
[Result "0-1"]
[WhiteElo "2128"]
[BlackElo "2154"]
[PlyCount "64"]

1. e4 d6 2. d4 Nf6 3. Nc3 c6 4. f3 Nbd7 5. Be3 e5 6. Nge2 Be7 7. g4 Nf8 8. Qd2
h5 9. g5 N6d7 10. O-O-O b5 11. Ng3 g6 12. h4 Nb6 13. a3 Nfd7 14. Qf2 Nc4 15.
Bxc4 bxc4 16. Rhg1 Qa5 17. f4 Rb8 18. d5 exf4 19. Bxf4 c5 20. Qe2 Qb6 21. e5
O-O 22. e6 Ne5 23. Bxe5 dxe5 24. Nxh5 fxe6 25. Nf6+ Bxf6 26. gxf6 Rxf6 27. Qxe5
Qxb2+ 28. Kd2 Rf2+ 29. Ke3 Qxc2 30. Qxb8 Rf8 31. Qe5 Qf2+ 32. Ke4 Qf3# 0-1

[Event "Superettan(Burgsvik-Lulea)"]
[Site "?"]
[Date "2010.12.05"]
[Round "3"]
[White "Dedorsson, Tomas"]
[Black "Linusson, Pelle"]
[Result "0-1"]
[WhiteElo "2080"]
[BlackElo "2135"]
[PlyCount "64"]

1. d4 Nf6 2. Nf3 g6 3. Bg5 Bg7 4. Nbd2 d6 5. c3 h6 6. Bh4 g5 7. Bg3 Nh5 8. e4
Nd7 9. h4 Nxg3 10. fxg3 g4 11. Nh2 h5 12. Bc4 e6 13. Nhf1 a6 14. Ne3 b5 15. Bb3
c5 16. d5 c4 17. Bc2 Be5 18. Ndf1 Bb7 19. Qd2 Qa5 20. Qd1 Nf6 21. a4 Qb6 22.
Qd2 Qc5 23. O-O-O Ke7 24. Qe1 Rhb8 25. axb5 axb5 26. Bb1 Bxd5 27. exd5 b4 28.
dxe6 fxe6 29. Nc2 bxc3 30. bxc3 Rb3 31. Nd2 Bxc3 32. Ne4 Rxb1+ 0-1

[Event "Superettan(Burgsvik-Lulea)"]
[Site "?"]
[Date "2010.12.05"]
[Round "3"]
[White "Scheid, Adam"]
[Black "Pousette, Gunnar"]
[Result "0-1"]
[WhiteElo "1962"]
[BlackElo "2032"]
[PlyCount "96"]

1. d4 Nf6 2. c4 e6 3. Nc3 Bb4 4. Nf3 O-O 5. Bg5 d5 6. e3 c5 7. cxd5 exd5 8.
dxc5 Be6 9. Rc1 Nbd7 10. Be2 Nxc5 11. Qd4 Bxc3+ 12. Rxc3 Nce4 13. Bxf6 Nxf6 14.
O-O Ne4 15. Rc2 Qa5 16. a3 Rac8 17. Bd3 Rxc2 18. Bxc2 Nf6 19. b4 Qa6 20. Bd3
Qa4 21. Rc1 Rc8 22. Rxc8+ Bxc8 23. Qc5 Be6 24. Nd4 Qd1+ 25. Bf1 Ne4 26. Qxa7 h6
27. Ne2 Qe1 28. Qb8+ Kh7 29. Ng3 Qxf2+ 30. Kh1 Nxg3+ 31. hxg3 Qxf1+ 32. Kh2 Qa6
33. a4 Qxa4 34. Qxb7 Qd7 35. Qb6 Bf5 36. Qa6 Qc8 37. Qa7 Qd7 38. Qb8 Bd3 39.
Qe5 f6 40. Qd4 Be4 41. Kg1 Qb5 42. Qd2 Qd3 43. Qc1 Qe2 44. Qf1 Qxe3+ 45. Kh2 d4
46. b5 d3 47. Qa1 Qe2 48. Qg1 Qh5# 0-1

[Event "Superettan(Horndal-Orebro)"]
[Site "?"]
[Date "2011.01.15"]
[Round "4"]
[White "Gruvaeus, Curt"]
[Black "Angskog, Kent"]
[Result "1-0"]
[WhiteElo "2332"]
[BlackElo "2238"]
[PlyCount "115"]

1. d4 g6 2. e4 Bg7 3. Nc3 d6 4. Be3 a6 5. a4 Nc6 6. Bc4 Nf6 7. f3 e6 8. Bb3 d5
9. e5 Nd7 10. f4 Na5 11. Ba2 b6 12. b4 Nc4 13. Bxc4 dxc4 14. Nf3 Bf8 15. Rb1 a5
16. b5 Bb4 17. Bd2 Bb7 18. Qe2 O-O 19. Ne4 f5 20. exf6 Nxf6 21. Neg5 Bxd2+ 22.
Kxd2 c3+ 23. Kc1 Bd5 24. Qd3 Bxf3 25. Nxf3 Nd5 26. g3 Qd6 27. Re1 Rae8 28. Rb3
Re7 29. Kb1 Rf5 30. Ng5 Rxg5 31. fxg5 Rf7 32. Qe4 Rf2 33. Qxe6+ Qxe6 34. Rxe6
Rf1+ 35. Ka2 Nb4+ 36. Rxb4 axb4 37. Rc6 Rc1 38. Kb3 Rb1+ 39. Kc4 Rb2 40. Rxc7
Rxc2 41. Kxb4 Rxh2 42. Rxc3 Rd2 43. Kc4 Ra2 44. Kb3 Rd2 45. Rc6 Rd3+ 46. Kc4
Ra3 47. Rxb6 Rxa4+ 48. Kc5 Ra3 49. Re6 Rxg3 50. Re5 h5 51. gxh6 Kh7 52. d5 Rc3+
53. Kd4 Rc1 54. d6 Kxh6 55. Rd5 Rc8 56. d7 Rd8 57. Ke5 g5 58. Kd6 1-0

[Event "Superettan(Horndal-Orebro)"]
[Site "?"]
[Date "2011.01.15"]
[Round "4"]
[White "Rorvall, Goran"]
[Black "Lind, Jan-Olov"]
[Result "0-1"]
[WhiteElo "2197"]
[BlackElo "2216"]
[PlyCount "86"]

1. e4 c5 2. Nf3 g6 3. d4 cxd4 4. Nxd4 Bg7 5. c4 Nc6 6. Be3 Nf6 7. Nc3 O-O 8.
Be2 b6 9. O-O Bb7 10. f3 Qb8 11. Qd2 Rd8 12. Rac1 d6 13. Nd5 Rd7 14. Nxc6 Bxc6
15. Bg5 Bxd5 16. cxd5 Rc7 17. Bb5 a6 18. Bc6 Raa7 19. Be3 Nd7 20. Bxd7 Rxd7 21.
Rc6 Rab7 22. Qf2 e6 23. Rfc1 Qe8 24. Bxb6 Rb8 25. b3 exd5 26. exd5 h5 27. Bd4
Bh6 28. Re1 Re7 29. Kf1 Rxe1+ 30. Qxe1 Qd7 31. Bb2 Bf4 32. Qc3 Be5 33. Qd2 Re8
34. Bxe5 Rxe5 35. Qc3 Kh7 36. a4 Qf5 37. Rxd6 h4 38. Rd8 Qb1+ 39. Kf2 Qa2+ 40.
Kf1 Qb1+ 41. Kf2 Qa2+ 42. Kf1 Qe2+ 43. Kg1 Qd1+ 0-1

[Event "Superettan(Horndal-Orebro)"]
[Site "?"]
[Date "2011.01.15"]
[Round "4"]
[White "Drugge, Patrick"]
[Black "Olsson, Krister"]
[Result "0-1"]
[WhiteElo "2323"]
[BlackElo "2279"]
[PlyCount "58"]

1. e4 c6 2. d4 d5 3. exd5 cxd5 4. c4 Nf6 5. Nc3 e6 6. Nf3 Nc6 7. c5 Be7 8. Bb5
O-O 9. Bxc6 bxc6 10. b4 a5 11. Ne5 Qc7 12. Bf4 axb4 13. Ng6 e5 14. Bxe5 Qd8 15.
Nxe7+ Qxe7 16. Ne2 Re8 17. O-O Nd7 18. Re1 Nxe5 19. dxe5 Qxc5 20. Nd4 Qb6 21.
Nb3 Be6 22. Qc2 d4 23. Nc5 Rxa2 24. Rxa2 Bxa2 25. Na4 b3 26. Qc4 Qa5 27. Rf1
Qd5 28. Qxd5 cxd5 29. Rd1 Rc8 0-1

[Event "Superettan(Horndal-Orebro)"]
[Site "?"]
[Date "2011.01.15"]
[Round "6"]
[White "Vaarala, Eric"]
[Black "Alm, Hakan"]
[Result "0-1"]
[WhiteElo "2256"]
[BlackElo "2313"]
[PlyCount "112"]

1. e4 Nf6 2. e5 Nd5 3. d4 d6 4. Nf3 Bg4 5. Be2 e6 6. c4 Nb6 7. exd6 cxd6 8. h3
Bh5 9. Be3 Be7 10. Nc3 O-O 11. g4 Bg6 12. h4 f6 13. g5 d5 14. c5 Nc4 15. h5 Bf5
16. g6 Nc6 17. Nh4 Nxb2 18. Qd2 Nc4 19. Bxc4 dxc4 20. d5 Ne5 21. d6 Nd3+ 22.
Ke2 Bxd6 23. cxd6 Qxd6 24. gxh7+ Bxh7 25. Rag1 Rad8 26. Ng6 Bxg6 27. hxg6 Qe5
28. Kf1 Qf5 29. Qe2 Ne5 30. f4 Nxg6 31. Qg2 Rd3 32. Kf2 Rxc3 33. Qxg6 Rc2+ 34.
Kf3 Qxg6 35. Rxg6 Rxa2 36. Rd1 Ra3 37. Ke4 f5+ 38. Kf3 e5 39. Rd7 Rf7 40. Rgd6
exf4 41. Kxf4 Rxd7 42. Rxd7 g5+ 43. Kxf5 Rxe3 44. Rxb7 Rg3 45. Rxa7 Kf8 46. Rc7
c3 47. Ke4 Ke8 48. Kd4 g4 49. Ke4 Rf3 50. Rc4 Kd7 51. Rc5 Ke6 52. Rc6+ Kf7 53.
Kd4 g3 54. Ke4 Rf1 55. Rc7+ Ke6 56. Rc6+ Kd7 0-1

[Event "Superettan(Horndal-Orebro)"]
[Site "?"]
[Date "2011.01.15"]
[Round "4"]
[White "Blomstrom, Lars"]
[Black "Becker, Johnny"]
[Result "1/2-1/2"]
[WhiteElo "2188"]
[BlackElo "2105"]
[PlyCount "85"]

1. e4 Nf6 2. e5 Nd5 3. d4 d6 4. c4 Nb6 5. exd6 cxd6 6. h3 g6 7. Nf3 Bg7 8. Nc3
O-O 9. Be3 Nc6 10. Rc1 Bf5 11. d5 Ne5 12. Nxe5 Bxe5 13. Be2 Rc8 14. b3 Bg7 15.
O-O Bd7 16. Qd2 f5 17. f4 a6 18. Rfe1 Na8 19. Bd3 Qa5 20. Ne4 Qxd2 21. Nxd2 Nc7
22. Nf3 Rfe8 23. Rcd1 Bf6 24. g3 Kg7 25. Kf2 b5 26. Rg1 h5 27. Nd4 e5 28. dxe6
Nxe6 29. Bxf5 bxc4 30. Nxe6+ Bxe6 31. Bxe6 Rxe6 32. bxc4 Rxc4 33. Rd2 Rc3 34.
Ba7 Ra3 35. Rb1 Re7 36. Bb8 Bc3 37. Bxd6 Bxd2 38. Bxe7 Rxa2 39. Kf3 Kf7 40. Rb7
Ke6 41. g4 hxg4+ 42. hxg4 Bc3 43. Bf8 1/2-1/2

[Event "Superettan(Horndal-Orebro)"]
[Site "?"]
[Date "2011.01.15"]
[Round "4"]
[White "Bengts, Torleif"]
[Black "Larsson, Patrik"]
[Result "1-0"]
[WhiteElo "2176"]
[BlackElo "2016"]
[PlyCount "73"]

1. e4 d6 2. c3 Nf6 3. Bd3 g6 4. Bc2 Bg7 5. Ne2 b6 6. O-O Bb7 7. d3 O-O 8. Ng3
Nbd7 9. f4 c5 10. Be3 e5 11. f5 d5 12. Nd2 b5 13. Qe2 Qc7 14. Nf3 c4 15. Ng5
Nc5 16. fxg6 hxg6 17. dxc4 bxc4 18. exd5 Nxd5 19. Qxc4 Nxe3 20. Qh4 Bh6 21.
Qxh6 f6 22. Ne6 Nxe6 23. Qxe3 Nf4 24. Rf2 Kg7 25. Ne2 Nxe2+ 26. Rxe2 Rfe8 27.
Rd1 f5 28. Red2 Re7 29. Rd6 f4 30. Rxg6+ Kf7 31. Qh3 Qc5+ 32. Kh1 Bd5 33. Qf5+
Ke8 34. Rg8+ Bxg8 35. Ba4+ Rd7 36. Rxd7 Qc4 37. Rd4+ 1-0